Együtt istennel
Elmentve itt :
| Szerző: | |
|---|---|
| Adatforrás: | Meister |
| Forrásdokumentuma: | Korunk. - 9 sz., 1993, 70-73 p. |
| Nyelv: | magyar |
| Kulcsszavak: | irodalomkritika irodalmi publicisztika nyelv NÁDAS Péter |
| LEADER | 00408nab a2200157 i 4500 | ||
|---|---|---|---|
| 001 | bibPRO00002577 | ||
| 008 | 060524s1993 xx hun | ||
| 040 | |a Sz1 | ||
| 041 | |a hun | ||
| 100 | 1 | |a KERESKÉNYI Sándor | |
| 245 | 1 | 0 | |a Együtt istennel |c KERESKÉNYI Sándor |
| 695 | |a irodalomkritika | ||
| 695 | |a irodalmi publicisztika | ||
| 695 | |a nyelv | ||
| 695 | |a NÁDAS Péter | ||
| 773 | 0 | |t Korunk. - |g 9 sz., 1993, 70-73 p. | |